Krajiny PIGS v boji s hospodárskou krízou 2007–2013
Pokračovanie príspevku z predchádzajúceho čísla. Analýza tohto zoskupenia krajín aj z pohľadu toho, ako sa jednotlivé tieto krajiny do tohto nelichotivo pomenovaného zoskupenia dostali, ako aj to, ako by mal fungovať permanentný záchranný systém eurozóny.
Gespeichert in:
| 1. Verfasser: | |
|---|---|
| Format: | Buchkapitel |
| Sprache: | Slowakisch |
| Schlagworte: | |
| Tags: |
Keine Tags, Fügen Sie das erste Tag hinzu!
|
MARC
| LEADER | 00000nla a2200000 4500 | ||
|---|---|---|---|
| 001 | 0182395 | ||
| 005 | 20240502073125.3 | ||
| 041 | 0 | |a slo | |
| 044 | |a SK | ||
| 245 | 1 | 0 | |a Krajiny PIGS v boji s hospodárskou krízou 2007–2013 |c Soňa Danišová |
| 520 | |a Pokračovanie príspevku z predchádzajúceho čísla. Analýza tohto zoskupenia krajín aj z pohľadu toho, ako sa jednotlivé tieto krajiny do tohto nelichotivo pomenovaného zoskupenia dostali, ako aj to, ako by mal fungovať permanentný záchranný systém eurozóny. | ||
| 610 | 2 | 0 | |a politika hospodárska |
| 610 | 2 | 0 | |a euro |
| 610 | 2 | 0 | |a eurozóna |
| 610 | 2 | 0 | |a kríza hospodárska |
| 610 | 2 | 0 | |a nerovnováha hospodárska |
| 610 | 2 | 0 | |a spolupráca hospodárska medzinárodná |
| 100 | 1 | |a Danišová, Soňa, 1981- | |